000 00688nam a22001937a 4500
005 20180827113509.0
010 _aENG-123770
020 _c200.00
_a9789386262301
035 _aEN-107302
037 _bDBAD/PUB
082 _a378
245 _aContemporary issues in education:
_ced.by Mohammad Parvsez [and] Mohd Shakir
_ba perspective /
260 _aDelhi
_bShipra Publications
_c2017
270 _aLG 18-19,Pankaj Central Market I.P.Ext.,Patparganj
_bDelhi
_e110092
_k91 11 22235152/ 6152
_mwww.shiprapublication.com
300 _aviii,271p.
_c22cm(pbk)
_bill.
500 _aIt includes references and index
700 _aMohd Shakir
942 _2ddc
_cEN
_mCON
_h378
999 _c156364
_d156364